Harry Potter - G - Statistiques

Statistiques générales
  • Ce quiz a été pris 111 fois
    71 depuis la dernière actualisation
  • Le résultat moyen est 12 sur 17
Statistiques - réponses
Définition Nom % Correct
Hagrid en est un demi Géant
95%
Ami de Drago Malefoy Gregory Goyle
93%
Maison de Poudlard Gryffondor
90%
Banque des sorciers Gringotts
87%
Professeur de défense contre les forcesDu mal Gilderoy Lockhart
85%
Créature y travaillant Gobelin
82%
Sont fondateur Godric Gryffondor
82%
Frère de Fred Georges Weasley
78%
Créature magique qui lui a donnéSont nom Griffon
78%
L'un d'eux Gripsec
77%
L'un d'eux Graup
75%
Ville portant son nom Godric's Hollow
67%
Mage noir emprisonnéDepuis son combat avec Dumbledore Gellert Grindelwald
65%
fabricant de baguettes Garrick Ollivander
63%
Acteur de Sirius Black Gary Oldman
40%
L'une de ces créatures c'est installée dansLe grenier de la famille Weasley Goule
37%
Un autre Gornuk
15%
Aucun quiz correspondant
Distribution des résultats
% des personnes avec chaque résultat
Percentile par nombre de réponses
Votre historique - résultats
Vous n’avez pas pris ce quiz depuis la dernière actualisation